[Event "Kastoria op 1st"]
[Site "Kastoria"]
[Date "1996.07.18"]
[Round "2.9"]
[White "Maksimovic, Branimir"]
[Black "Gkosdas, Ioannis"]
[Result "1-0"]
[WhiteElo "2395"]
[BlackElo "1000"]
[PlyCount "59"]
[EventDate "1996.07.17"]
[EventType "swiss"]
[EventRounds "9"]
[EventCountry "GRE"]
[SourceTitle "EXT 2024"]
[Source "ChessBase"]
[SourceDate "2023.10.10"]
[SourceVersion "1"]
[SourceVersionDate "2023.10.10"]
[SourceQuality "1"]

1. d4 d6 2. e4 Nc6 3. Nf3 Bg4 4. Bc4 e6 5. c3 d5 6. Bd3 Be7 7. e5 h6 8. h3 Bf5 9. 0-0 Bg5 10. Bxf5 Bxc1 11. Qxc1 exf5 12. Re1 Qe7 13. Nbd2 Qe6 14. h4 0-0-0 15. b4 b5 16. a4 bxa4 17. Rxa4 Kd7 18. b5 Nb8 19. Nb3 Qb6 20. e6+ Ke7 21. exf7+ Kxf7 22. Ne5+ Kf6 23. g4 g6 24. Nc5 Ne7 25. g5+ Kg7 26. Nc4 dxc4 27. Rxe7+ Kg8 28. Qf4 Rd6 29. Qe5 Rh7 30. Re8+ 1-0